Statistiques concernant - Prénoms masculins les plus donnés en 1916 -

Cliquez ici pour prendre le quiz!

Statistiques générales

  • Ce quiz a été pris 1,074 fois
  • Le résultat moyen est 71 sur 100

Statistiques - réponses

Position 1ère Lettre Prénom % Correct
1JJean
99%
13PPaul
97%
3PPierre
97%
5LLouis
97%
54MMarc
96%
7HHenri
94%
19FFrançois
94%
16CCharles
93%
2AAndré
92%
31JJulien
92%
35YYves
92%
4MMarcel
92%
8GGeorges
92%
14RRobert
91%
27JJules
91%
29MMichel
90%
23JJacques
90%
26AAntoine
89%
6RRené
89%
12AAlbert
89%
39BBernard
87%
20LLéon
87%
10MMaurice
87%
33VVictor
86%
11RRoger
85%
17LLucien
85%
18EEmile
85%
74PPhilippe
85%
55GGérard
84%
44AAlexandre
83%
52CClaude
83%
94AAlain
81%
21FFernand
79%
9JJoseph
79%
15RRaymond
79%
100CChristian
78%
47EEtienne
77%
69LLaurent
77%
80NNicolas
77%
24GGaston
76%
49GGuy
76%
25AAuguste
76%
84SSimon
75%
28GGabriel
74%
42AArmand
73%
85DDenis
73%
57DDaniel
72%
70VVincent
72%
45FFrancis
72%
60CClément
71%
78DDominique
71%
63GGuillaume
71%
30GGilbert
70%
40AAlphonse
70%
68SSerge
69%
61AArthur
69%
38EEdouard
69%
32AAlfred
69%
90EEmilien
68%
36EErnest
68%
59FFrédéric
68%
22EEugène
67%
82MMax
67%
66HHubert
66%
43RRoland
66%
48GGustave
66%
58GGermain
64%
46AAdrien
64%
41EEdmond
64%
91TThéodore
64%
73MMaxime
63%
71FFerdinand
63%
37CCamille
63%
64AAugustin
63%
97TThéophile
63%
99NNorbert
62%
89JJustin
61%
79AAntonin
59%
50FFélix
58%
53RRaoul
58%
34MMarius
58%
62NNoël
57%
67EEmmanuel
56%
51AAimé
55%
75AAlexis
55%
98OOctave
54%
65AAdolphe
53%
88LLéopold
50%
95RRaphaël
47%
93RRémy
47%
72AAbel
45%
76MMarceau
45%
87CClaudius
44%
83AAnge
43%
56EElie
43%
77CConstant
43%
86JJean-Baptiste
43%
96CCélestin
42%
81AArsène
37%
92MMartial
37%

Distribution des résultats

Percentile by Number Answered

% des personnes avec chaque résultat

Votre développement - résultats

Vous n’avez pas pris ce quiz